000 04019nam a22003137i 4500
001 TCPA 35
003 gtcocun
005 20250911211602.0
006 a||||gr|||| 00| 0
008 250911b2016 gt ||||| m||| 00| 0 eng d
040 _agtcocun
_bSPA
_cgtcocun
_eRDA
041 _aSPA
084 _0TCPA 35
100 _aChen Bac, Herlinda Yesi Anabell
_eAutor
245 _aInforme final del Ejercicio Profesional Supervisado, realizado en la municipalidad de Cobán, Alta Verapaz/
_cHerlinda Yesi Anabell Chen Bac
_hImpreso
264 _aCobán, Alta Verapaz:
_bUniversidad de San Carlos de Guatemala, Centro Universitario del Norte, Licenciatura en Contaduría Pública y Auditoría.
_c2016
300 _a59 p.:
_bIlustraciones, gráficas.
_c28 cm; PDF
336 _2rdacontenido
_aTexto
_btxt
337 _2rdamedio
_aComputadora
_bn
338 _2rdasoporte
_aCódigo en línea
_bcr
502 _e.
502 _aTesis de grado
_bLicenciatura en Contaduría Pública y Auditoría.
_cUniversidad de San Carlos de Guatemala, Centro Universitario del Norte, Licenciatura en Contaduría Pública y Auditoría.
_d2016
_oTCPA 35
520 1 4 _aGuatemala está integrada por veintidós departamentos, entre ellos esta Alta Verapaz que se encuentra al norte del país, cuenta con 17 municipios su cabecera departamental es Cobán. Cobán cuenta con una extensión territorial de 2,132 kilómetros cuadrados, sus vías de acceso son la carretera CA-14, la Ruta Nacional No. 5, No.1 y la Ruta departamental No. 9. Sus recursos naturales son ríos, bosques y una gran diversidad de flora y fauna. Los recursos físicos del municipio están: la municipalidad, el palacio de gobernación, el parque central, el parque navidad, el estadio José Ángel Rossi y el hospital Hellen Lossi de Laugerud. Los recursos humanos, habitantes de etnia Queqchi según proyecciones del Instituto Nacional de Estadística (INE) la población para el año 2015 es de 259,997 habitantes. Descripción general de la unidad de práctica. La Municipalidad de Cobán, Alta Verapaz tiene como objetivo prestar sus servicios para el bienestar de sus ciudadanos, está ubicada en la 1a. Calle 1-11 zona 1. La organización interna está integrada por la estructura organizativa, esta se encuentra distribuida por direcciones y unidades, la administrativa está conformada por el manual de funciones aprobado por el Concejo Municipal, y la financiera lo componen el financiamiento que le asigna el Estado, así como también sus propias fuentes de ingresos. En la identificación y jerarquización de las situaciones encontradas, se realizópor medio del FODA, las situaciones encontradas fueron el analfabetismo, desempleo, violencia subdesarrollo y pobreza, las cuales se describieron por medio de la condición, criterio, causa, efecto y recomendación. Las intervenciones realizadas la integran los proyectos de producción y comercialización de repollo, zanahoria y chile pimiento; la descripción de cada una se realizó por medio la formulación de la justificación, objetivos, marco teórico y las actividades realizaras en cada una de las intervenciones. Se analizaron los resultados de las actividades en cada una de las intervenciones, entre las actividades realizadas esta un análisis coyuntural, identificación del proyecto y los estudios de mercado, técnico, administrativo legal, impacto ambiental y financiero y por último la evaluación económica social. Es oportuno que para los problemas que afectan al país es necesario crear o apoyar iniciativas que generen fuentes de empleo, como lo es este caso.
650 1 4 _2LEMB
_aCobán, Alta Verapaz
_xrepollo
_xzanahoria
_xchile pimiento
_xproducción
_xcomercialización
700 _aLic. Miguel Alberto Klug Caal
_eAsesor
856 _uhttps://drive.google.com/file/d/1dt-ciFIliM9NO8zKtkzQSN-oN3o5x784/view?usp=sharing
_yPDF
_zUn ejemplar en línea.
942 _2ddc
_cTES
_iTCPA 35
_kClasificación
_n0
_6TCPA_35_000000000000000
999 _c1810
_d1810